ბათუმის შოთა რუსთაველის სახელმწიფო უნივერსიტეტის ბიბლიოთეკა

მსხვილნაყოფა ციტრუსები გრეიპფრუტი და პომპელმუსი / (ბიბ.ჩანაწერი № 36783)

000 -ლიდერი
ფიქსირებული სიგრძის საკონტროლო ველი 01293nam a2200265Ia 4500
001 - საკონტროლო ნომერი
საკონტროლო ველი 2722
003 - საკონტროლო ნომრის იდენტიფიკატორი
საკონტროლო ველი GE_BSU
005 - ბოლო ოპერაციის თარიღი და დრო
საკონტროლო ველი 20190605132502.0
008 - ფიქსირებული სიგრძის მონაცემთა ელემენტები - ზოგადი ინფორმაცია
ფიქსირებული სიგრძის საკონტროლო ველი 181216s2011||||ge |||||||||||||| ||geo||
020 ## - წიგნის საერთაშორისო სტანდარტული ნომერი
International Standard Book Number 9789940037863
040 ## - კატალოგიზაციის წყარო
Transcribing agency GE_BSU
041 ## - ენის კოდი
Language code of text/sound track or separate title geo
080 ## - უნივერსალური ათობითი კლასიფიკაციის ინდექსი
Universal Decimal Classification number 636.323 ქ-24
100 ## - მთავარი ჩანაწერი - პიროვნების სახელი
Personal name ქარაია, რაისა
9 (RLIN) 2093
245 ## - ცნობა სათაურის შესახებ
Title მსხვილნაყოფა ციტრუსები გრეიპფრუტი და პომპელმუსი /
Statement of responsibility, etc რ. ქარაია ; მთ. რედ. მერი კვაჭანტირაძე.
264 ## - წარმოების, გამოცემის, დისტრიბუციის და სხვა ცნობები
გამოცემის, წარმოების, დისტრიბუციის... ადგილი თბილისი :
გამოცემის, წარმოების, დისტრიბუციის... სახელწოდება საქ. მეცნ. ეროვნ. აკადემია
გამოცემის, წარმოების, დისტრიბუციის... თარიღი 2011.
300 ## - ფიზიკური აღწერა
Extent 195 გვ. ;
Other physical details 20 სმ.
500 ## - ზოგადი შენიშვნა
General note ტექსტი, ყდა ქართ. და რუს.
504 ## - BIBLIOGRAPHY, ETC. NOTE
Bibliography, etc ლათ. ბოტანიკური დასახელების საძ.: 95. - ბიბლიოგრ.: გვ. 190-195.
520 ## - SUMMARY, ETC.
Summary, etc რეზ. ინგლ.
653 ## - INDEX TERM--UNCONTROLLED
Uncontrolled term გრეიპფრუტის სელექცია
653 ## - INDEX TERM--UNCONTROLLED
Uncontrolled term პომპელმუსის სელექცია
700 ## - ADDED ENTRY--PERSONAL NAME
Personal name კვაჭანტირაძე, მერი
Relator term რედაქტორი
9 (RLIN) 2094
942 ## - ADDED ENTRY ELEMENTS (KOHA)
Koha item type წიგნი
Source of classification or shelving scheme
ეგზემპლარები
ჩამოწერის სტატუსი დაკარგული ეგზემპლარის სტატუსი კლასიფიკაციის წყარო ან თაროზე გაწყობის სქემა დაზიანების სტატუსი არ გაიცემა მუდმივი მდებარეობა (დაცვის ადგილი) ამჟამინდელი ადგილსამყოფელი თაროზე განთავსების ადგილი შეძენის თარიღი ღირებულება, შესყიდვის ნორმალური ფასი სრული შენახვის შიფრი შტრიხკოდი ბოლო ოპერაციის თარიღი ეგზემპლარის მიმდევრობითი ნომერი (კეტერი?) ფასის ძალაში შესვლის თარიღი ეგზემპლარის სახეობა საჯარო შენიშვნა
          ბათუმის შოთა რუსთაველის სახელმწიფო უნივერსიტეტის მთავარი ბიბლიოთეკა ბათუმის შოთა რუსთაველის სახელმწიფო უნივერსიტეტის მთავარი ბიბლიოთეკა წიგნსაცავი 2018-12-17 8.00 636.323 ქ-24 4557 2018-12-17 4557 2018-12-17 წიგნი 8 ლ.